| 000 | 00624nam a2200229Ia 4500 | ||
|---|---|---|---|
| 008 | 101110s9999 xx 000 0 und d | ||
| 041 | _aENGLISH | ||
| 082 | _bSR25802 | ||
| 100 | _aSchildt Herbert | ||
| 245 | _aC++ : the complete reference, 4th edition | ||
| 260 |
_c2003 _bTata McGraw hill, New Delhi |
||
| 300 | _a997 | ||
| 365 | _b395 | ||
| 520 | _aComputer | ||
| 520 | _aSent to Computer Dept.,dt.30/7/04 | ||
| 546 | _aENGLISH | ||
| 630 | _aC++ : the complete reference, 4th edition | ||
| 650 | _aComputer | ||
| 655 | _aComputer | ||
| 730 | _aC++ : the complete reference, 4th edition | ||
| 942 | _cBOOK | ||
| 999 |
_c818411 _d818408 |
||